000 00442nam a2200157Ia 4500
003 OSt
005 20230527111004.0
008 211028s2016 xx 000 0 und d
040 _cAIMIT
041 _aeng
100 _aHyder, G Sawad; Vijaykumar, Suchatha.
_98658
_e141923
110 _aSuchetha Vijaykumar
_98659
245 _aMetadata management tool for an asian digital media platform.
260 _aMangalore
_c2016
942 _2ddc
_cPRO
999 _c219998
_d219998